| 000 | 01053nam a22002657a 4500 | ||
|---|---|---|---|
| 999 |
_c555 _d555 |
||
| 005 | 20190821144820.0 | ||
| 008 | 190821b ||||| |||| 00| 0 eng d | ||
| 020 | _a9780061969577 | ||
| 040 | _cKH8 | ||
| 082 | _aFIC LOR | ||
| 100 | _aLore, Pittacus | ||
| 245 |
_aI am number four / _cPittacus Lore |
||
| 246 | _aI am number 4 | ||
| 260 |
_aNew York : _b Harper, _c2010. |
||
| 300 |
_a440 pages. _c21 cm. |
||
| 440 |
_aLorien legacies, _n1. |
||
| 500 | _aAt head of title on cover: we were nine, three are dead. | ||
| 520 | _aIn rural Ohio, friendships and a beautiful girl prove distracting to a fifteen-year-old who has hidden on Earth for ten years waiting to develop the Legacies, or powers, he will need to rejoin the other six surviving Garde members and fight the Mogadorians who destroyed their planet, Lorien. | ||
| 650 |
_aFriendship _vFiction. |
||
| 650 |
_aFriendship _vJuvenile fiction. |
||
| 650 |
_aSchools _vJuvenile fiction. |
||
| 650 | _aRomance fiction. | ||
| 650 |
_aExtraterrestrial beings _vFiction. |
||
| 942 |
_2ddc _cFIC |
||